Trusteeship (Record no. 1454542)

MARC details
000 -LEADER
fixed length control field 00560nam a2200205Ia 4500
005 - DATE AND TIME OF LATEST TRANSACTION
control field 20250923145712.0
008 - FIXED-LENGTH DATA ELEMENTS--GENERAL INFORMATION
fixed length control field 008 250917s9999 xx 000 0 eng d
037 ## - SOURCE OF ACQUISITION
Stock number Textual
040 ## - CATALOGING SOURCE
Original cataloging agency DSWL
Language of cataloging eng
Transcribing agency DSWL
041 ## - LANGUAGE CODE
Language code of text/sound track or separate title eng
Source of code eng
084 ## - COLON CLASSIFICATION NUMBER
Classification number zGx 152, N73
Assigning agency DSWL
100 ## - MAIN ENTRY--PERSONAL NAME
Personal name Dube, Narender
9 (RLIN) 838113
245 #0 - TITLE STATEMENT
Title Trusteeship
Statement of responsibility, etc. by Narender Dube
260 ## - PUBLICATION, DISTRIBUTION, ETC.
Place of publication, distribution, etc. Varanasi
Name of publisher, distributor, etc. Satva Seva Sangh Prak.
Date of publication, distribution, etc. 1973
300 ## - PHYSICAL DESCRIPTION
Extent 211 p.
365 ## - TRADE PRICE
Price type code INR
Price amount 4.58
925 ## -
-- 4.58
942 ## - ADDED ENTRY ELEMENTS (KOHA)
Koha item type Textual
Classification part zGx 152, N73
Holdings
Withdrawn status Lost status Damaged status Not for loan Home library Current library Date acquired Source of acquisition Inventory number Total Checkouts Full call number Barcode Date last seen Price effective from Koha item type
        Department of Social Work Library Department of Social Work Library 2025-09-23 Gandhi Book House New Delhi 110002 228 16/02/1985   zGx 152, N73 SW0022216 2025-09-23 2025-09-23 Textual
Copyright @ Delhi University Library System